The World Quiz 1 - Statistics

General Stats
  • This quiz has been taken 14 times
    6 since last reset
  • The average score is 12 of 15
Answer Stats
Question Answer % Correct
Which European country is NOT a Nordic country? Belgium
100%
Which country is formally known as Coite d'Ivoire? Ivory Coast
100%
Which of the following countries is an ISLAND country? Japan
100%
Which country is NOT located in both Asia and Europe? Mongolia
100%
Which country is NOT part of NATO? (Hint: Think what NATO stands for) New Zealand
100%
What is the newest country that gained independence from another African country in 2011? South Sudan
100%
Which country does China refuse to accept as a country? Taiwan
100%
Which of the following is a real country? (The rest are capital cities) Togo
100%
What is the closest estimate for the population of Mexico? 129.7 million
67%
How much countries are in Asia? 48
67%
Which African country is entirely surrounded by South Africa? Lesotho
67%
Which country does the island Svalbard belong to? Norway
67%
What is the capital of Ecuador? Quito
67%
Which country borders both Israel and Iraq? Jordan
50%
What is the closest possible distance for the distance between Russia and Canada? 88 km
17%
No matching quizzes found
Score Distribution
Percent of People with Each Score
Percentile by Number Answered
Your Score History
You have not taken this quiz since the last reset